000 00673cam a22002413a 4500
001 6882
003 PGUSA
005 20140828083138.0
008 041101s2004||||xxu|||||s|||||000 | eng d
040 _aPGUSA
_beng
042 _adc
050 4 _aPS
100 1 _aDay, Clarence,
_d1874-1935
245 1 0 _aThis Simian World
_h[electronic resource] /
_cClarence Day
260 _bProject Gutenberg,
_c2004
506 _aPublic domain in the USA.
516 _aElectronic text
653 _aAmerican wit and humor
653 _aEvolution (Biology) -- Wit and humor
830 0 _aProject Gutenberg
_v6882
856 4 0 _uhttp://www.gutenberg.org/ebooks/6882
942 _cEB
999 _c236202
_d236202